<The> Six Imperatives of Marketing Lessons From the World's Best Companies

Guardado en:
Detalles Bibliográficos
Autor principal: Magrath, Allan J.
Formato: Libro
Lenguaje:inglés
Publicado: New York American Management Association 1992
Edición:1. ed.
Materias:
Etiquetas: Agregar Etiqueta
Sin Etiquetas, Sea el primero en etiquetar este registro!

MARC

LEADER 00000nam a2200000 4500
001 c021304
005 20221206084848.3
020 |a 0-8144-5042-3 
041 0 |a eng 
044 |a US 
245 1 0 |a <The> Six Imperatives of Marketing  |b Lessons From the World's Best Companies  |c Allan J. Magrath 
250 |a 1. ed. 
264 1 |a New York  |b American Management Association  |c 1992 
300 |a 196 s. 
610 2 0 |a marketing 
610 2 0 |a úspech pracovný 
610 2 0 |a spoločnosti 
610 2 0 |a firmy 
610 2 0 |a spotrebitelia 
610 2 0 |a cesty odbytové 
100 1 |a Magrath, Allan J.